Rozvoj leteckej dopravy v podmienkach Letiska M. R. Štefánika diplomová práca

Salvato in:
Dettagli Bibliografici
Autore principale: Valaštínová, Katarína
Ente Autore: Obchodná fakulta EU. Katedra služieb a cestovného ruchu - zrušené
Altri autori: Litomerický, Juraj
Natura: Libro
Lingua:slovacco
Pubblicazione: Bratislava 2021
Tags: Aggiungi Tag
Nessun Tag, puoi essere il primo ad aggiungerne!!

MARC

LEADER 00000nbm a2200000 4500
001 0274354
005 20220203144209.0
041 0 |a slo 
044 |a SK 
245 1 0 |a Rozvoj leteckej dopravy v podmienkach Letiska M. R. Štefánika  |b diplomová práca  |c Katarína Valaštínová ; školiteľ: Juraj Litomerický 
264 1 |a Bratislava  |c 2021 
300 |a 59 s. 
100 1 |a Valaštínová, Katarína 
700 1 |a Litomerický, Juraj 
710 2 |a Obchodná fakulta EU. Katedra služieb a cestovného ruchu - zrušené